[Event "XXXVII Corsicoscacchi FIDE"]
[Site "Corsico ITA"]
[Date "2007.10.13"]
[Round "5"]
[White "Pace, Pietro Dario"]
[Black "Sbarra, Marco"]
[Result "0-1"]
[WhiteElo "2194"]
[BlackElo "2220"]
[PlyCount "48"]
[EventDate "2007.10.06"]

1. e4 e5 2. Nf3 Nc6 3. Bb5 a6 4. Ba4 Nf6 5. O-O b5 6. Bb3 Bc5 7. c3 d6 8. d3 h6
9. Nbd2 O-O 10. h3 Be6 11. Bc2 d5 12. exd5 Qxd5 13. Qe2 Rfe8 14. Re1 Rad8 15.
Nh4 Qd7 16. Ne4 Be7 17. Nxf6+ Bxf6 18. Qh5 Ne7 19. Re3 Bxh4 20. Qxh4 Nf5 21.
Qh5 Nxe3 22. Bxe3 Bf5 23. Rd1 Qe6 24. a4 Qg6 0-1

[Event "XXXVII Corsicoscacchi FIDE"]
[Site "Corsico ITA"]
[Date "2007.10.13"]
[Round "5"]
[White "Ranieri, Fabrizio"]
[Black "Scalcione, Michelangelo"]
[Result "1/2-1/2"]
[WhiteElo "2254"]
[BlackElo "2357"]
[PlyCount "61"]
[EventDate "2007.10.06"]

1. e4 e5 2. Nf3 d6 3. d4 Nf6 4. Nc3 Nbd7 5. Bc4 Be7 6. dxe5 dxe5 7. O-O O-O 8.
Qe2 c6 9. a4 Qc7 10. Bg5 Nc5 11. h3 Ne6 12. Be3 Bb4 13. Na2 Bd6 14. Nc3 Bb4 15.
Na2 Bd6 16. Nc3 Qe7 17. Rad1 a6 18. Nh4 Nd4 19. Bxd4 exd4 20. Rxd4 Bc5 21. Rd2
b5 22. Bd3 b4 23. Nd1 Re8 24. Re1 Qe5 25. Nf3 Qf4 26. e5 Ra7 27. Be4 Nxe4 28.
Qxe4 Qxe4 29. Rxe4 Be6 30. Ne3 Rae7 31. b3 1/2-1/2

[Event "XXXVII Corsicoscacchi FIDE"]
[Site "Corsico ITA"]
[Date "2007.10.13"]
[Round "5"]
[White "Vancini, Edoardo"]
[Black "Valsecchi, Alessio"]
[Result "1-0"]
[WhiteElo "2290"]
[BlackElo "2215"]
[PlyCount "89"]
[EventDate "2007.10.06"]

1. d4 g6 2. e4 Bg7 3. c3 d6 4. Nf3 Nf6 5. Nbd2 O-O 6. Be2 c5 7. d5 e6 8. dxe6
Bxe6 9. O-O Nc6 10. Re1 Qc7 11. Bc4 Bg4 12. h3 Bxf3 13. Nxf3 Nd7 14. Bg5 a6 15.
a4 Rab8 16. Nh2 b5 17. axb5 axb5 18. Bd5 Nde5 19. f4 Nc4 20. Ra6 N6a5 21. Qa1
b4 22. Ng4 Kh8 23. Qa2 b3 24. Qa1 Rb5 25. Re2 h5 26. Nf6 Nb6 27. Rxb6 Qxb6 28.
Nd7 Qc7 29. Nxf8 Bxf8 30. f5 Nc6 31. fxg6 fxg6 32. Rf2 Bg7 33. Rf7 Qc8 34. Qf1
Rb7 35. Rxb7 Qxb7 36. e5 dxe5 37. Qf3 Qa7 38. Bxc6 Qa1+ 39. Kh2 Qxb2 40. Bd5 e4
41. Qxe4 Qf2 42. Bxb3 c4 43. Bxc4 h4 44. Bxh4 Qc5 45. Bg3 1-0

[Event "XXXVII Corsicoscacchi FIDE"]
[Site "Corsico ITA"]
[Date "2007.10.14"]
[Round "6"]
[White "Sbarra, Marco"]
[Black "Ranieri, Fabrizio"]
[Result "1-0"]
[WhiteElo "2220"]
[BlackElo "2254"]
[PlyCount "81"]
[EventDate "2007.10.06"]

1. d4 e6 2. c4 d5 3. Nc3 Nf6 4. Bg5 Be7 5. e3 Nbd7 6. cxd5 exd5 7. Bd3 c6 8.
Qc2 Nh5 9. Bxe7 Qxe7 10. Nge2 g6 11. O-O O-O 12. Rfe1 Ndf6 13. a3 Ng7 14. Ng3
Qd8 15. Rad1 h5 16. h3 h4 17. Nf1 Bf5 18. b4 Qd6 19. e4 dxe4 20. Nxe4 Nxe4 21.
Bxe4 Bxe4 22. Rxe4 a5 23. Ne3 axb4 24. axb4 Rfe8 25. d5 Rxe4 26. Qxe4 cxd5 27.
Qxh4 d4 28. Qxd4 Qxd4 29. Rxd4 Ra1+ 30. Rd1 Ra4 31. Rd8+ Kh7 32. Nd5 Ra1+ 33.
Kh2 Ra2 34. Nf6+ Kh6 35. Rd7 Kg5 36. Rxf7 Nf5 37. Ng4 b5 38. g3 Rb2 39. Kg2 Nd6
40. Rd7 Nf5 41. Kf1 1-0

[Event "XXXVII Corsicoscacchi FIDE"]
[Site "Corsico ITA"]
[Date "2007.10.14"]
[Round "6"]
[White "Scalcione, Michelangelo"]
[Black "Vancini, Edoardo"]
[Result "1-0"]
[WhiteElo "2357"]
[BlackElo "2290"]
[PlyCount "95"]
[EventDate "2007.10.06"]

1. Nf3 c5 2. b3 d5 3. e3 Nf6 4. Bb2 g6 5. Bb5+ Bd7 6. Bxf6 exf6 7. Bxd7+ Qxd7
8. c4 d4 9. exd4 cxd4 10. O-O Be7 11. d3 Nc6 12. a3 a5 13. Nbd2 O-O 14. Re1
Rfe8 15. Qc2 f5 16. Ne5 Qc7 17. Nxc6 bxc6 18. c5 Reb8 19. Qc4 Rb5 20. b4 axb4
21. axb4 Rxa1 22. Rxa1 Qb8 23. Ra4 Qf4 24. Nb3 Qe5 25. g3 f4 26. Kg2 Qe1 27.
gxf4 Rb8 28. h3 Bh4 29. Qxd4 Rd8 30. Qe3 Qd1 31. d4 Bf6 32. Ra1 Qc2 33. Rc1 Qf5
34. Rd1 Bg7 35. Na5 Qf6 36. Qe4 Rd5 37. Rd3 g5 38. Qe8+ Bf8 39. Nxc6 gxf4 40.
Ne5 Rxe5 41. Qxe5 Qg6+ 42. Rg3 fxg3 43. Qxg3 f5 44. b5 Be7 45. Qxg6+ hxg6 46.
b6 Bd8 47. d5 Kf7 48. d6 1-0

[Event "Torneo Autunno Bergamasco"]
[Site "Bergamo ITA"]
[Date "2007.10.05"]
[Round "1"]
[White "Canova, Luca"]
[Black "Impellizzeri, Francesco"]
[Result "1-0"]
[WhiteElo "2079"]
[BlackElo "1760"]
[PlyCount "55"]
[EventDate "2007.10.05"]

1. e4 e6 2. d4 d5 3. Nc3 dxe4 4. Nxe4 Nd7 5. Nf3 Ngf6 6. Bg5 h6 7. Bxf6 Nxf6 8.
Bd3 Nxe4 9. Bxe4 c5 10. Qe2 Qc7 11. O-O-O cxd4 12. Rxd4 Be7 13. Rhd1 O-O 14.
Ne5 Bf6 15. f4 Kh8 16. Bd3 g6 17. Qe4 Rb8 18. h4 h5 19. g4 Bxe5 20. fxe5 hxg4
21. h5 Rg8 22. Rh1 Kg7 23. hxg6 Kf8 24. gxf7 Qxf7 25. Rd8+ Ke7 26. Rxg8 Qxg8
27. Rh7+ Kf8 28. Qb4+ 1-0

[Event "Torneo Autunno Bergamasco"]
[Site "Bergamo ITA"]
[Date "2007.10.05"]
[Round "1"]
[White "D'Angheo, Savino"]
[Black "Cambieri, Mario"]
[Result "0-1"]
[WhiteElo "1520"]
[BlackElo "1877"]
[PlyCount "79"]
[EventDate "2007.10.05"]

1. d4 Nf6 2. c4 c5 3. Nf3 cxd4 4. Nxd4 g6 5. Nc3 Bg7 6. g3 Nc6 7. Nxc6 bxc6 8.
Bg2 Bb7 9. O-O Rb8 10. Bf4 d6 11. Qa4 O-O 12. Bxc6 Bxc6 13. Qxc6 Rxb2 14. Rfb1
Qb8 15. Bc1 Rxb1 16. Rxb1 Qc8 17. Qxc8 Rxc8 18. Nb5 Rxc4 19. Nxa7 Ne8 20. a3 f5
21. Bb2 Nf6 22. Rc1 Rxc1+ 23. Bxc1 Ne4 24. Nc8 Kf7 25. f3 Nc3 26. Kf2 Bd4+ 27.
e3 Bc5 28. Bd2 Nb1 29. Bb4 Nxa3 30. Bxc5 dxc5 31. Nb6 Ke6 32. Ke2 Kd6 33. Kd3
Kc6 34. Nc4 Nxc4 35. Kxc4 e5 36. h3 e4 37. f4 h5 38. h4 Kd6 39. Kc3 Kd5 40. Kb3
0-1

[Event "Torneo Autunno Bergamasco"]
[Site "Bergamo ITA"]
[Date "2007.10.05"]
[Round "1"]
[White "Di Mauro, Valerio"]
[Black "Nasoni, Paolo"]
[Result "0-1"]
[WhiteElo "1637"]
[BlackElo "1849"]
[PlyCount "50"]
[EventDate "2007.10.05"]

1. e4 e5 2. Nf3 Nc6 3. d4 exd4 4. Bc4 Nf6 5. O-O Nxe4 6. Re1 d5 7. Bxd5 Qxd5 8.
Nc3 Qa5 9. Nxe4 Be6 10. Neg5 O-O-O 11. Nxe6 fxe6 12. Rxe6 Qf5 13. Qe2 h6 14.
Nh4 d3 15. cxd3 Qxd3 16. Qxd3 Rxd3 17. Be3 Bd6 18. Nf5 Be5 19. Ne7+ Kd7 20. Ng6
Kxe6 21. Nxh8 Kf6 22. f4 Bxb2 23. Rb1 Ba3 24. Kf2 Rd8 25. Rxb7 Bd6 0-1

[Event "Torneo Autunno Bergamasco"]
[Site "Bergamo ITA"]
[Date "2007.10.05"]
[Round "1"]
[White "Elitropi, Giorgio"]
[Black "Gucciardo, Salvatore"]
[Result "1-0"]
[WhiteElo "2006"]
[BlackElo "1590"]
[PlyCount "45"]
[EventDate "2007.10.05"]

1. f4 Nf6 2. Nf3 g6 3. g3 Bg7 4. Bg2 c6 5. d3 d5 6. c3 Nbd7 7. Na3 O-O 8. O-O
Re8 9. Nh4 e6 10. e4 Nf8 11. e5 N6d7 12. d4 b6 13. Rf2 Bb7 14. Be3 a6 15. Qe1
c5 16. Rd2 Rc8 17. Rc1 b5 18. Nb1 Qa5 19. dxc5 d4 20. cxd4 Bxg2 21. Nxg2 Qxa2
22. Nc3 Qb3 23. Ne4 1-0

[Event "Torneo Autunno Bergamasco"]
[Site "Bergamo ITA"]
[Date "2007.10.05"]
[Round "1"]
[White "Giuliani, Andrea"]
[Black "Longo, Pietro"]
[Result "0-1"]
[WhiteElo "1565"]
[BlackElo "1929"]
[PlyCount "86"]
[EventDate "2007.10.05"]

1. e4 c5 2. Nc3 d6 3. d3 Nf6 4. f4 Nc6 5. Nf3 g6 6. g3 Bg7 7. Bg2 O-O 8. O-O
Bg4 9. Be3 Qd7 10. Qd2 Bxf3 11. Rxf3 Ng4 12. Bh3 Nd4 13. Bxd4 Bxd4+ 14. Kg2 h5
15. Raf1 e6 16. Nd1 f5 17. c3 Bg7 18. Kh1 Qc6 19. Qe2 Rae8 20. Bg2 Nf6 21. Re3
Qc7 22. Nf2 Bh6 23. e5 Nd5 24. Rf3 dxe5 25. Qxe5 Qxe5 26. fxe5 Ne3 27. Re1 Nxg2
28. Kxg2 Rd8 29. Kf1 Rd5 30. Nh3 Rfd8 31. Nf2 Bg7 32. Rfe3 b5 33. b3 Bh6 34.
Rf3 Bd2 35. c4 bxc4 36. bxc4 Bxe1 37. cxd5 Bxf2 38. Kxf2 Rxd5 39. Re3 g5 40.
Kf3 Rd4 41. h3 h4 42. g4 f4 43. Re2 Rxd3+ 0-1

[Event "Torneo Autunno Bergamasco"]
[Site "Bergamo ITA"]
[Date "2007.10.05"]
[Round "1"]
[White "Gozzini, Giambattista"]
[Black "Bertoletti, Vincenzo"]
[Result "1-0"]
[WhiteElo "1887"]
[BlackElo "1523"]
[PlyCount "101"]
[EventDate "2007.10.05"]

1. e4 d5 2. exd5 Qxd5 3. Nc3 Qd6 4. Nf3 Nf6 5. d4 c6 6. Bc4 Bg4 7. Be3 e6 8. h3
Bh5 9. g4 Bg6 10. Bd3 Bxd3 11. Qxd3 Be7 12. O-O-O Na6 13. Ne5 Nb4 14. Qc4 Nbd5
15. Nxd5 Qxd5 16. Qxd5 Nxd5 17. Bd2 f6 18. Nd3 Kf7 19. Rde1 Rhd8 20. c3 Nb6 21.
Kc2 Nd5 22. f4 Re8 23. h4 Bd6 24. Re2 Re7 25. c4 Nc7 26. c5 Nb5 27. Be3 Bb8 28.
a4 Nc7 29. Bd2 b6 30. Rhe1 Nd5 31. b4 a5 32. b5 cxb5 33. axb5 bxc5 34. dxc5 Nc7
35. b6 Nb5 36. Bc3 a4 37. Re4 a3 38. Kb3 Nxc3 39. Kxc3 a2 40. Ra1 Rd7 41. Nc1
g5 42. hxg5 fxg5 43. Nxa2 Rxa2 44. Rxa2 gxf4 45. c6 Rd5 46. c7 Bxc7 47. bxc7
Rc5+ 48. Rc4 Rxc7 49. Rxc7+ Kf6 50. Kd3 e5 51. Ke4 1-0

[Event "Torneo Autunno Bergamasco"]
[Site "Bergamo ITA"]
[Date "2007.10.05"]
[Round "1"]
[White "Guerini, Matteo"]
[Black "Riggio, Mauro"]
[Result "0-1"]
[WhiteElo "1440"]
[BlackElo "1811"]
[PlyCount "54"]
[EventDate "2007.10.05"]

1. d4 d5 2. a3 Nf6 3. Nc3 c6 4. h3 Nbd7 5. Rb1 e6 6. h4 c5 7. e3 a6 8. g3 Bd6
9. Bd2 Qc7 10. Qf3 b5 11. Bd3 Bb7 12. Rh3 O-O 13. Qh1 e5 14. dxe5 Nxe5 15. e4
c4 16. Nxd5 Nxd5 17. exd5 cxd3 18. c3 Rfe8 19. Kf1 Nc4 20. Bg5 Nxb2 21. Qf3
Qxc3 22. h5 f6 23. Bf4 Bxf4 24. gxf4 Qd4 25. Qg4 Bc8 26. Qg2 d2 27. Ne2 d1=Q+
0-1

[Event "Torneo Autunno Bergamasco"]
[Site "Bergamo ITA"]
[Date "2007.10.05"]
[Round "1"]
[White "Maggioni, Oliviero"]
[Black "Mazzotti, Federico"]
[Result "0-1"]
[WhiteElo "1493"]
[BlackElo "1853"]
[PlyCount "68"]
[EventDate "2007.10.05"]

1. e4 c5 2. Nf3 d6 3. d3 Nc6 4. Bf4 Qb6 5. b3 g6 6. Nc3 Bg7 7. Nd5 Qd8 8. Rb1
e6 9. Ne3 Bc3+ 10. Nd2 e5 11. Bg3 Be6 12. Nd5 Bxd5 13. exd5 Nd4 14. Be2 Qa5 15.
a4 Ne7 16. f4 Nxd5 17. Bf2 Nxe2 18. Kxe2 Nxf4+ 19. Kf1 Bxd2 20. Qf3 O-O 21. g3
Nh3 22. Be1 e4 23. Qg2 Bxe1 24. Rxe1 Ng5 25. dxe4 Qa6+ 26. c4 Qc6 27. Kf2 Rae8
28. Rhf1 Qd7 29. Kg1 f5 30. exf5 Rxe1 31. Rxe1 Qxf5 32. Rf1 Qxf1+ 33. Qxf1
Rxf1+ 34. Kxf1 Kf7 0-1

[Event "Torneo Autunno Bergamasco"]
[Site "Bergamo ITA"]
[Date "2007.10.05"]
[Round "1"]
[White "Merletti, Vincenzo"]
[Black "Biava, Pierluigi"]
[Result "0-1"]
[WhiteElo "1554"]
[BlackElo "1893"]
[PlyCount "60"]
[EventDate "2007.10.05"]

1. d4 Nf6 2. c4 e6 3. Nc3 Bb4 4. Bg5 h6 5. Bh4 c5 6. a3 cxd4 7. axb4 dxc3 8.
bxc3 d5 9. e3 g5 10. Bg3 Nc6 11. Nf3 Ne4 12. Be5 f6 13. cxd5 Nxe5 14. Nxe5 fxe5
15. Bb5+ Ke7 16. c4 Nc3 17. Qd3 Nxb5 18. cxb5 exd5 19. Qc3 Qd6 20. O-O Bd7 21.
f4 gxf4 22. exf4 Bxb5 23. fxe5 Qb6+ 24. Rf2 Rhf8 25. Qg3 Rxf2 26. Qxf2 Qxf2+
27. Kxf2 Ke6 28. Re1 Rf8+ 29. Kg3 Rf5 30. h4 Rxe5 0-1

[Event "Torneo Autunno Bergamasco"]
[Site "Bergamo ITA"]
[Date "2007.10.05"]
[Round "1"]
[White "Oteri, Aldo"]
[Black "Luizaga, Lucas"]
[Result "1-0"]
[WhiteElo "1898"]
[BlackElo "1557"]
[PlyCount "107"]
[EventDate "2007.10.05"]

1. e4 c6 2. d4 d5 3. exd5 cxd5 4. c4 Nf6 5. Nc3 Bf5 6. Nf3 e6 7. cxd5 Nxd5 8.
Bb5+ Nc6 9. Ne5 Ndb4 10. g4 Bg6 11. h4 a6 12. Bxc6+ bxc6 13. h5 Bc2 14. Qd2 f6
15. Nf3 Bd3 16. a3 Nc2+ 17. Kd1 Nxa1 18. Qxd3 Nb3 19. Qc4 Na5 20. Qxe6+ Qe7 21.
Qf5 Qc7 22. Bf4 Qd8 23. b4 Nb7 24. Qe6+ Be7 25. Qxc6+ Qd7 26. d5 Rc8 27. Qxd7+
Kxd7 28. Kc2 Rc4 29. Be3 Rxg4 30. Nd4 Rc8 31. Kb3 Nd6 32. Nc6 Nc4 33. Nxe7 Kxe7
34. f3 Rg3 35. Bc5+ Nd6 36. Re1+ Kd7 37. Bxd6 Rxf3 38. Bc5 Re8 39. Rg1 Rg8 40.
a4 g5 41. hxg6 hxg6 42. b5 axb5 43. axb5 g5 44. b6 Rb8 45. Rh1 Rd3 46. Rh7+ Kc8
47. Kc4 Rd2 48. Kb5 Rb7 49. Rxb7 Kxb7 50. d6 f5 51. Bb4 g4 52. Na4 f4 53. Bxd2
f3 54. Be1 1-0

[Event "Torneo Autunno Bergamasco"]
[Site "Bergamo ITA"]
[Date "2007.10.05"]
[Round "1"]
[White "Romano, Zeno"]
[Black "Riva, Carlo"]
[Result "1-0"]
[WhiteElo "1931"]
[BlackElo "1571"]
[PlyCount "120"]
[EventDate "2007.10.05"]

1. e4 c5 2. Nf3 d6 3. d4 cxd4 4. Nxd4 Nf6 5. Nc3 g6 6. Be3 Bg7 7. f3 O-O 8. Qd2
Nc6 9. O-O-O Nxd4 10. Bxd4 Be6 11. g4 Qa5 12. Kb1 Kh8 13. h4 Ne8 14. h5 Bxd4
15. Qxd4+ Kg8 16. hxg6 fxg6 17. Bb5 Bxa2+ 18. Kc1 Be6 19. Bxe8 Raxe8 20. Rxh7
Qg5+ 21. Kb1 Qf6 22. Rh3 Qxd4 23. Rxd4 a6 24. Kc1 Kg7 25. Rd1 Rh8 26. Rdh1 Rxh3
27. Rxh3 Rh8 28. Rxh8 Kxh8 29. g5 Kg7 30. Kd2 Kf7 31. Kd3 Ke8 32. Kd4 Kd7 33.
Ne2 Bf7 34. f4 Kc6 35. f5 e6 36. f6 e5+ 37. Kd3 a5 38. Ng3 b5 39. c3 Kc5 40.
Kc2 a4 41. Nf1 d5 42. exd5 Kxd5 43. Kd3 e4+ 44. Ke3 Be6 45. Nd2 Ke5 46. Nxe4
Kd5 47. Nd2 Bf7 48. Nf3 Bg8 49. Kd3 Bf7 50. Nh2 Ke5 51. Ng4+ Kf4 52. Nh6 Bc4+
53. Kd4 Kxg5 54. f7 Bxf7 55. Nxf7+ Kf6 56. Nd6 Ke6 57. Nxb5 Kf5 58. Nd6+ Kf4
59. Ne4 g5 60. Nxg5 Kxg5 1-0

[Event "Torneo Autunno Bergamasco"]
[Site "Bergamo ITA"]
[Date "2007.10.05"]
[Round "1"]
[White "Salcedo, Cancio Luis E."]
[Black "Ranfagni, Stefano"]
[Result "1/2-1/2"]
[WhiteElo "1614"]
[BlackElo "2065"]
[PlyCount "53"]
[EventDate "2007.10.05"]

1. e4 e6 2. d4 d5 3. Nc3 dxe4 4. Nxe4 Nd7 5. Nf3 Ngf6 6. Bg5 Be7 7. Nxf6+ Nxf6
8. Bb5+ c6 9. Bd3 h6 10. Bd2 b6 11. Qe2 Bb7 12. O-O Qc7 13. Ne5 Bd6 14. f4
O-O-O 15. c3 h5 16. Bc4 Kb8 17. a4 Nd5 18. Ba6 f6 19. Bxb7 Kxb7 20. Nd3 g5 21.
c4 Nxf4 22. Nxf4 Bxf4 23. Bxf4 gxf4 24. Qxe6 Rxd4 25. Qxf6 Rhd8 26. Rae1 R8d7
27. b3 1/2-1/2

[Event "Torneo Autunno Bergamasco"]
[Site "Bergamo ITA"]
[Date "2007.10.05"]
[Round "1"]
[White "Savoldelli, Dario"]
[Black "Attuati, Stefano"]
[Result "1-0"]
[WhiteElo "1822"]
[BlackElo "1464"]
[PlyCount "61"]
[EventDate "2007.10.05"]

1. e4 c5 2. Nc3 Nc6 3. f4 d6 4. Bc4 Nf6 5. Nf3 Bg4 6. O-O e6 7. Bb5 a6 8. Bxc6+
bxc6 9. d3 Be7 10. Qe1 Bxf3 11. Rxf3 O-O 12. e5 Nd7 13. Rh3 Qc7 14. exd6 Bxd6
15. Ne4 Be7 16. Be3 Rfe8 17. Qf2 Nf6 18. Qh4 h6 19. Qg3 Kf8 20. Nxc5 Nd5 21.
Bd4 Bf6 22. Be5 Bxe5 23. fxe5 Qb6 24. Qf2 Qxb2 25. Rf1 Re7 26. d4 Qxa2 27. Rf3
f5 28. exf6 gxf6 29. Rxf6+ Kg8 30. Rxh6 a5 31. Qh4 1-0

[Event "Torneo Autunno Bergamasco"]
[Site "Bergamo ITA"]
[Date "2007.10.05"]
[Round "1"]
[White "Stefanelli, Alfredo"]
[Black "Minieri, Filippo"]
[Result "0-1"]
[WhiteElo "1778"]
[BlackElo "2124"]
[PlyCount "79"]
[EventDate "2007.10.05"]

1. d4 f5 2. c4 Nf6 3. Nf3 d5 4. e3 e6 5. Nc3 Be7 6. Bd3 O-O 7. O-O Ne4 8. Qe2
c6 9. Ne5 Nd7 10. f4 Nxe5 11. fxe5 Ng5 12. cxd5 exd5 13. Bd2 Qe8 14. Be1 Qg6
15. Bg3 h5 16. Qe1 Bd7 17. Ne2 Ne6 18. Qf2 Ng5 19. Nf4 Qh6 20. Qe2 h4 21. Be1
Be8 22. b4 Ne4 23. Bxe4 fxe4 24. Qg4 g5 25. Qe6+ Qxe6 26. Nxe6 Rxf1+ 27. Kxf1
Bd7 28. Nc5 Rf8+ 29. Kg1 Bc8 30. Bd2 b6 31. Nb3 Ba6 32. a4 Kg7 33. h3 Bc4 34.
Rb1 Kg6 35. Bc3 g4 36. Nd2 Bd3 37. Re1 g3 38. Nb3 Bg5 39. Bd2 Rf2 40. Rc1 0-1

[Event "Torneo Autunno Bergamasco"]
[Site "Bergamo ITA"]
[Date "2007.10.05"]
[Round "1"]
[White "Testa, Luigi"]
[Black "Gerali, Paolo"]
[Result "0-1"]
[WhiteElo "1572"]
[BlackElo "1940"]
[PlyCount "61"]
[EventDate "2007.10.05"]

1. e4 c5 2. Nf3 e6 3. Nc3 a6 4. b3 b5 5. Bb2 Bb7 6. g3 b4 7. Nb1 Bxe4 8. d3 Bb7
9. Bg2 Nf6 10. Nbd2 d5 11. O-O Nbd7 12. Re1 Be7 13. Bh3 O-O 14. Qb1 Re8 15. d4
c4 16. c3 cxb3 17. axb3 bxc3 18. Bxc3 Rc8 19. Ba5 Nb6 20. Ng5 Rc6 21. Ndf3 h6
22. Nxf7 Kxf7 23. Ne5+ Kg8 24. Nxc6 Bxc6 25. Bxe6+ Kh8 26. Bd2 Nbd7 27. Qg6 Nf8
28. Qf5 Nxe6 29. Qxe6 Bb5 30. Ba5 Qd6 31. Qf7 0-1

[Event "Torneo Autunno Bergamasco"]
[Site "Bergamo ITA"]
[Date "2007.10.05"]
[Round "1"]
[White "Villa, Claudio"]
[Black "Cattaneo, Dario"]
[Result "1-0"]
[WhiteElo "1871"]
[BlackElo "1517"]
[PlyCount "113"]
[EventDate "2007.10.05"]

1. b3 e5 2. Bb2 d6 3. c4 Be7 4. Nc3 Nf6 5. g3 Bd7 6. Bg2 Bc6 7. Nf3 O-O 8. Qc2
Nbd7 9. e3 Re8 10. O-O Nf8 11. Rad1 a6 12. d4 exd4 13. exd4 Bxf3 14. Bxf3 c6
15. d5 c5 16. Rfe1 Ng6 17. Ne4 Nxe4 18. Rxe4 Qc7 19. Rde1 b5 20. h4 f6 21. Bh5
bxc4 22. bxc4 Qd7 23. Re6 Bf8 24. Bxg6 hxg6 25. Qxg6 Rxe6 26. Rxe6 Qf7 27. Rxf6
Qxg6 28. Rxg6 Rb8 29. Bc3 Rb1+ 30. Kg2 Rc1 31. Ba5 Rxc4 32. Bc7 Rd4 33. Bxd6
Rxd5 34. Bxf8 Kxf8 35. Rxa6 Rd4 36. Rc6 Ra4 37. Rxc5 Rxa2 38. g4 Ra4 39. Kg3
Ra3+ 40. f3 Kf7 41. h5 Ra1 42. Rc6 Rh1 43. Kf4 Ra1 44. Kg5 Ra5+ 45. Kh4 Ra1 46.
f4 Rh1+ 47. Kg5 Ra1 48. h6 Ra5+ 49. f5 gxh6+ 50. Rxh6 Kg7 51. Rb6 Ra7 52. f6+
Kf7 53. Rb5 Ra8 54. Rb7+ Kf8 55. Kg6 Re8 56. Rh7 Kg8 57. f7+ 1-0

[Event "Torneo Autunno Bergamasco"]
[Site "Bergamo ITA"]
[Date "2007.10.12"]
[Round "2"]
[White "Attuati, Stefano"]
[Black "Giuliani, Andrea"]
[Result "1-0"]
[WhiteElo "1464"]
[BlackElo "1565"]
[PlyCount "85"]
[EventDate "2007.10.05"]

1. d4 d5 2. c4 e6 3. Nc3 Nf6 4. Nf3 Be7 5. Bf4 Nbd7 6. a3 O-O 7. Nb5 Ne8 8. e3
c6 9. Nc3 f5 10. Bd3 Nef6 11. O-O b6 12. cxd5 cxd5 13. Nb5 Ne8 14. Rc1 Ndf6 15.
Ng5 h6 16. Nf3 a6 17. Nc7 Ra7 18. Qc2 Bd6 19. Nb5 axb5 20. Qxc8 Qxc8 21. Rxc8
Bxf4 22. exf4 Nd6 23. Rc6 Rd8 24. Rxb6 Ra5 25. Re1 Nfe4 26. Ne5 Re8 27. Nc6 Ra4
28. Nb4 Nc8 29. Rxb5 Ra7 30. Rb8 Rc7 31. Nc2 Kf7 32. b4 Ree7 33. Rb5 Nc3 34.
Rc5 Nb6 35. Bxf5 Rxc5 36. dxc5 exf5 37. Rxe7+ Kxe7 38. cxb6 Kd7 39. f3 Kc6 40.
Kf2 Kxb6 41. Ke3 Kc6 42. Kd3 Nd1 43. Nd4+ 1-0

[Event "Torneo Autunno Bergamasco"]
[Site "Bergamo ITA"]
[Date "2007.10.12"]
[Round "2"]
[White "Bertoletti, Vincenzo"]
[Black "Di Mauro, Valerio"]
[Result "0-1"]
[WhiteElo "1523"]
[BlackElo "1637"]
[PlyCount "122"]
[EventDate "2007.10.05"]

1. d4 Nf6 2. c4 b5 3. cxb5 a6 4. bxa6 Bxa6 5. g3 g6 6. Bg2 d5 7. Nc3 Bg7 8. Bf4
O-O 9. Nf3 Nbd7 10. O-O Re8 11. Re1 Nh5 12. Nxd5 Nxf4 13. Nxf4 Rb8 14. Rb1 e6
15. b3 Qe7 16. e3 Rbd8 17. Qc2 c5 18. Ne2 cxd4 19. exd4 Nf6 20. Ne5 Bb7 21. Nc6
Bxc6 22. Qxc6 Rd6 23. Qc2 Ng4 24. Bh3 Nh6 25. Rbc1 Red8 26. Rcd1 Qd7 27. Qc4
Rc8 28. Qd3 f5 29. Bg2 Nf7 30. f4 e5 31. Rc1 e4 32. Rxc8+ Qxc8 33. Qc4 Qd8 34.
Rc1 Qe7 35. d5 Nd8 36. Nd4 Qf7 37. Ne6 Nxe6 38. dxe6 Rxe6 39. Qd5 e3 40. Re1 e2
41. Qc4 Qa7+ 42. Kh1 Kf7 43. Bd5 Kf8 44. Bxe6 Qb7+ 45. Bd5 Qd7 46. Rxe2 Bf6 47.
Qc6 Qd8 48. Qe6 Kg7 49. Bc4 Qd1+ 50. Re1 Qf3+ 51. Kg1 Bd4+ 52. Re3 Bxe3+ 53.
Qxe3 Qxe3+ 54. Kg2 Qd2+ 55. Kf3 Qxa2 56. h3 Qd2 57. g4 Qc3+ 58. Kg2 Qd4 59. Kg3
Qe3+ 60. Kg2 Qxf4 61. gxf5 gxf5 0-1

[Event "Torneo Autunno Bergamasco"]
[Site "Bergamo ITA"]
[Date "2007.10.12"]
[Round "2"]
[White "Biava, Pierluigi"]
[Black "Canova, Luca"]
[Result "1-0"]
[WhiteElo "1893"]
[BlackElo "2079"]
[PlyCount "83"]
[EventDate "2007.10.05"]

1. Nf3 Nf6 2. c4 e6 3. d4 b6 4. Nc3 Bb7 5. g3 Be7 6. Bg2 O-O 7. O-O d5 8. cxd5
Nxd5 9. Qc2 c5 10. dxc5 bxc5 11. a3 Nd7 12. Rd1 Qc8 13. Ng5 Bxg5 14. Bxg5 Nxc3
15. Qxc3 Bxg2 16. Kxg2 Nb6 17. e4 Qc6 18. f3 Qb5 19. Rd2 Rab8 20. Bf4 Rb7 21.
Rc1 Na4 22. Qc2 Rc8 23. Rcd1 f6 24. Rd8+ Rxd8 25. Rxd8+ Kf7 26. Bd6 Qxb2 27.
Qxb2 Rxb2+ 28. Kh3 a6 29. Rd7+ Ke8 30. Rxg7 c4 31. Re7+ Kd8 32. Rxe6 Kd7 33.
Rxf6 c3 34. Bf4 Nb6 35. Rd6+ Ke8 36. Rc6 Rb3 37. Be5 Na4 38. Rxa6 c2 39. Bf4
Rxf3 40. Rc6 Nc3 41. Bd2 Nxe4 42. Re6+ 1-0

[Event "Torneo Autunno Bergamasco"]
[Site "Bergamo ITA"]
[Date "2007.10.12"]
[Round "2"]
[White "Cambieri, Mario"]
[Black "Elitropi, Giorgio"]
[Result "1-0"]
[WhiteElo "1877"]
[BlackElo "2006"]
[PlyCount "93"]
[EventDate "2007.10.05"]

1. c4 f5 2. Nf3 Nf6 3. g3 g6 4. Bg2 Bg7 5. Nc3 d6 6. d4 O-O 7. O-O c6 8. Rb1
Qe8 9. d5 Nh5 10. Nd4 Bd7 11. e4 f4 12. Ne6 Bxe6 13. dxe6 Be5 14. Qg4 Na6 15.
Ne2 fxg3 16. hxg3 Bg7 17. Be3 Nc7 18. f4 h6 19. Bf3 Nf6 20. Qh3 Qc8 21. f5 g5
22. Kg2 a5 23. Rh1 Na6 24. Bd4 Nb4 25. Bh5 Nxh5 26. Bxg7 Kxg7 27. Qxh5 Rf6 28.
Nd4 Qe8 29. Qg4 Qg8 30. Rh2 Kf8 31. Rbh1 Qg7 32. Qh5 Nd3 33. b3 g4 34. Nc2 Ne5
35. Ne3 a4 36. b4 Nf3 37. Nxg4 Nxh2 38. Rxh2 a3 39. Nxf6 Qxf6 40. Qxh6+ Qxh6
41. Rxh6 Ra4 42. Rh8+ Kg7 43. Re8 Kf6 44. Rf8+ Ke5 45. Rf7 Kxe4 46. f6 exf6 47.
e7 1-0

[Event "Torneo Autunno Bergamasco"]
[Site "Bergamo ITA"]
[Date "2007.10.12"]
[Round "2"]
[White "Cattaneo, Dario"]
[Black "Testa, Luigi"]
[Result "0-1"]
[WhiteElo "1517"]
[BlackElo "1572"]
[PlyCount "76"]
[EventDate "2007.10.05"]

1. d4 d5 2. Nf3 Nf6 3. Bf4 e6 4. c3 Nc6 5. b4 Bd6 6. Ne5 Bxe5 7. Bxe5 Nxe5 8.
dxe5 Nd7 9. Qd4 O-O 10. e3 f6 11. exf6 Nxf6 12. Bd3 Qd6 13. Qc5 Qxc5 14. bxc5
Nd7 15. c6 Ne5 16. Bc2 Nxc6 17. Nd2 b6 18. O-O Bb7 19. Rac1 Ne5 20. f4 Ng4 21.
Rce1 c5 22. h3 Nf6 23. f5 e5 24. g4 Ba6 25. Rf2 Rad8 26. Kh2 Bc8 27. Rg1 Rd6
28. g5 Nd7 29. f6 gxf6 30. gxf6+ Kh8 31. f7 Nf6 32. Nf3 e4 33. Ng5 h6 34. Nxe4
dxe4 35. Rfg2 Rxf7 36. Rg6 Rd2+ 37. R1g2 Rxg2+ 38. Kxg2 Kh7 0-1

[Event "Torneo Autunno Bergamasco"]
[Site "Bergamo ITA"]
[Date "2007.10.12"]
[Round "2"]
[White "Gerali, Paolo"]
[Black "Villa, Claudio"]
[Result "1/2-1/2"]
[WhiteElo "1940"]
[BlackElo "1871"]
[PlyCount "40"]
[EventDate "2007.10.05"]

1. d4 d5 2. c4 dxc4 3. Nf3 a6 4. a4 c6 5. Nc3 e6 6. e4 Bb4 7. Bxc4 Qa5 8. Bd2
Nf6 9. O-O Nbd7 10. Qc2 O-O 11. Bd3 e5 12. Rfd1 Re8 13. Ne2 Bxd2 14. Nxd2 exd4
15. Nxd4 Ne5 16. Be2 Bg4 17. Bxg4 Nfxg4 18. h3 Nf6 19. N2b3 Qb4 20. f3 Rad8
1/2-1/2